• 首页
  • 本馆介绍
  • 公告通知
  • 最新文献
  • 馆藏检索
  • 电子资源
  • 读者导购
  • 参考咨询
  • 我的图书馆
  • 登录
  • 详细信息显示
  • 放入我的书架
  • 预约/预借图书
  • 作者相关作品
  • 分类相关作品
  • 丛书相关作品
  • 出版社相关作品

书目信息

  • 表格格式
  • 工作单格式
  • 卡片格式
题名:
中国古代养殖
    
 
作者: 王俊 编著
分册:  
出版信息: 北京   中国商业出版社  2015
页数: 182页
开本: 23cm
丛书名: 中国传统民俗文化丛书
单 册:
中图分类: F326.39 , F326.3
科图分类:
主题词: 养殖业--经济史--中国--古代
电子资源:
ISBN: 978-7-5044-8563-2
000 00888oam2 2200265 450
001 2351536421
005 20231128230418.76
010    @a978-7-5044-8563-2@dCNY58.00
100    @a20150601d2015 em y0chiy50 ea
101 0  @achi
102    @aCN@b110000
105    @aa z 000yy
200 1  @a中国古代养殖@Azhong guo gu dai yang zhi@f王俊编著
210    @a北京@c中国商业出版社@d2015
215    @a182页@c图,照片@d23cm
225 1  @a中国传统民俗文化丛书@i科技系列@f傅璇琮主编
330    @a本书根据中国古代养殖业的特点,分门别类介绍了猪、牛、羊、马、蚕、鱼等几大养殖门类的发展状况。内容包括:古代养殖趣话、中国古代养猪业等。
410  0 @12001 @a中国传统民俗文化丛书
462  0 @12001 @a科技系列
606 0  @a养殖业@x经济史@y中国@z古代
690    @aF326.39@v5
690    @aF326.3@v4
701  0 @a王俊@Awang jun@4编著
801  0 @aCN@b91MARC@c20150601
905    @aZUCC@dF326.3@e3
    
    中国古代养殖/王俊编著.-北京:中国商业出版社,2015
    182页:图,照片;23cm.-(中国传统民俗文化丛书.科技系列/傅璇琮主编)
    
    
    ISBN 978-7-5044-8563-2:CNY58.00
    本书根据中国古代养殖业的特点,分门别类介绍了猪、牛、羊、马、蚕、鱼等几大养殖门类的发展状况。内容包括:古代养殖趣话、中国古代养猪业等。
●
相关链接 在五车中查询图书 在当当中查询图书 在豆瓣中查询图书


正题名:中国古代养殖     索取号:F326.3/3         预约/预借

序号 登录号 条形码 馆藏地/架位号 状态 备注
1 2001011347   2001011347   第四书库/四6架A面5层2列/ [索取号:F326.3/3] 在馆    
2 2001011348   2001011348   第四书库/四6架A面5层2列/ [索取号:F326.3/3] 在馆    
3 2001011349   2001011349   第四书库/四6架A面5层2列/ [索取号:F326.3/3] 在馆    
4 2001011350   2001011350   第四书库/四6架A面5层2列/ [索取号:F326.3/3] 在馆    
5 2001011351   2001011351   第四书库/四6架A面5层2列/ [索取号:F326.3/3] 在馆    
6 2001011352   2001011352   第四书库/四6架A面5层2列/ [索取号:F326.3/3] 在馆    
山东省滨州职业学院图书馆 欢迎您!
大连网信软件有限公司© 版权所有